Sports Quiz

Random Sports or NHL Quiz
Score 0/25 Timer 07:00
14 Plays Today
Goals Player % Correct
446Sidney Crosby
95.9%
659Alex Ovechkin
95.4%
356Patrick Kane
89.7%
391Evgeni Malkin
86.3%
413Joe Thornton
85.1%
327Jonathan Toews
83%
393Steven Stamkos
81.3%
312Anze Kopitar
80.4%
281Jamie Benn
79.3%
372Corey Perry
78%
262Tyler Seguin
77.4%
551Patrick Marleau
76.5%
321Patrice Bergeron
75.3%
Goals Player % Correct
357Phil Kessel
73.5%
319John Tavares
71%
361Zach Parise
69.3%
355Joe Pavelski
67.9%
282Dustin Brown
61.5%
365Jeff Carter
60%
433Ilya Kovalchuk
59.8%
332Jason Spezza
51.3%
417Eric Staal
50.4%
373Thomas Vanek
42.7%
270James Neal
39.7%
293Jason Pominville
38.3%

You're not logged in!

Compare scores with friends on all Sporcle quizzes.
OR
Log In

Sporcle TV

Today on Sporcle TV


Watch our educational content, quiz creation guides, and fun videos on Sporcle TV.

Show Comments

Extras

Top Quizzes Today


Score Distribution

Paid Content

Your Account Isn't Verified!

In order to create a playlist on Sporcle, you need to verify the email address you used during registration. Go to your Sporcle Settings to finish the process.

Report this User

Report this user for behavior that violates our Community Guidelines.

Details: